[Event "Berliner Sommer 15th"]
[Site "Berlin"]
[Date "1997.??.??"]
[Round "3"]
[White "Dashzeveg, S."]
[Black "Ruzele, Darius"]
[Result "0-1"]
[WhiteElo "2385"]
[BlackElo "2525"]
[PlyCount "65"]
[EventDate "1997.08.??"]
[EventType "swiss"]
[EventRounds "9"]
[EventCountry "GER"]
[SourceTitle "CBM 059 Extra"]
[Source "ChessBase"]
[SourceDate "1997.09.26"]
[SourceVersion "1"]
[SourceVersionDate "1997.09.26"]
[SourceQuality "1"]

1. d4 d5 2. Nf3 Nf6 3. c4 e6 4. Nc3 c6 5. Bg5 h6 6. Bxf6 Qxf6 7. e3 Nd7 8. Bd3 dxc4 9. Bxc4 g6 10. 0-0 Bg7 11. Rc1 Qe7 12. e4 0-0 13. Qe2 b5 14. Bd3 Bb7 15. e5 c5 16. Ne4 Bxe4 17. Bxe4 Rab8 18. dxc5 Nxc5 19. Nd4 Nxe4 20. Nc6 Qb7 21. Qxe4 Rbc8 22. Qf3 Rc7 23. h4 Kh8 24. Rc5 Rd7 25. Rd1 Rc8 26. Rd6 Rdc7 27. b4 h5 28. Qc3 Kh7 29. Na5 Rxc5 30. bxc5 Qe4 31. Rd7 Bxe5 32. Qd2 Qb1+ 33. Qd1 0-1